[Event "11th Capo dOrso ACP Open 2019"]
[Site "Porto Mannu"]
[Date "2019.06.01"]
[Round "7.5"]
[White "Della Pietra, Andrea"]
[Black "Brunello, Sabino"]
[Result "0-1"]
[WhiteElo "2226"]
[BlackElo "2556"]
[Annotator "TA"]
[PlyCount "80"]
[EventDate "2019.06.02"]
[EventType "swiss"]
[EventCountry "ITA"]
[SourceTitle "playchess.com"]
[Source "ChessBase"]
[SourceQuality "1"]

{[%evp 12,80,18,18,16,12,12,11,17,16,17,10,12,2,34,-28,-22,-25,14,14,7,0,24,0,0,0,16,7,9,0,0,0,0,0,0,0,0,-21,0,0,0,0,0,-54,0,0,259,249,214,0,0,0,0,0,0,-31,-31,-31,-31,-31,-35,-38,-35,-61,-68,-183,-192,-268,-261,-1080,-1061]} 1. d4 Nf6 2. c4 e6 3. Nc3 Bb4 4. f3 d5 5. a3 Bxc3+ 6. bxc3 c6 7. e3 O-O {E20: Nimzo-Indian: 4 g3 and 4 f3} 8. Bd3 b6 (8... Re8 9. Ne2 e5 10. cxd5 cxd5 11. dxe5 Rxe5 12. O-O Nc6 13. Nd4 Re8 14. Bc2 Ne5 15. Qe1 {0-1 (33) Naroditsky,D (2616)-Sargissian,G (2689) chess.com INT 2019}) 9. Ne2 Ba6 {The position is equal.} 10. cxd5 Bxd3 11. Qxd3 {With the idea dxe6.} cxd5 12. O-O Nbd7 13. Rd1 (13. c4 $14) 13... Qc7 $11 14. e4 Rfc8 $146 ({Predecessor:} 14... Qc6 15. e5 Ne8 {½-½ (41) Piorun,K (2566)-Zorko,J (2459) Pardubice 2013}) 15. e5 Ne8 $1 16. Bd2 Qc4 17. Qe3 b5 18. f4 Rc6 19. g4 f5 20. Ng3 g6 $1 21. gxf5 exf5 22. Kh1 Ng7 23. Rg1 Nb6 24. h4 Kf7 25. h5 Rac8 26. Qf3 Qb3 27. h6 (27. Qg2 $11) 27... Ne6 {[#]} (27... Qc2 $15 28. Be3 (28. hxg7 Qxd2 29. Rac1 Kg8 $17) 28... Ne6) 28. Nxf5 $1 {[%mdl 512]} Qc2 $2 {[%mdl 8192]} (28... Rxc3 $11 29. Nd6+ {[%mdl 64] Double Attack} Kf8 30. Bxc3 Rxc3) (28... gxf5 29. Qh5+) 29. Nd6+ $18 Rxd6 {[#]} 30. exd6 $2 (30. f5 $1 $18 {[%cal Rf5e6][%mdl 512]} Kg8 (30... Qxf5 31. Raf1) 31. Rg2 (31. exd6 Qxd2 32. fxe6 Qxh6+ 33. Kg2 Rf8 $11) (31. fxe6 Rxe6 32. Rgf1 Qe4 $11)) 30... Qxd2 $11 31. Rg3 Ke8 32. f5 gxf5 33. Qxf5 {[%mdl 64] Double Attack} (33. Rf1 $5 {[%cal Rf3f5]} Qxh6+ 34. Rh3 $15) 33... Qxh6+ 34. Rh3 $1 {[%cal Rh3h6]} Qg6 35. Qxg6+ hxg6 36. Rh7 Kd8 37. Re1 Ng5 38. Rg7 (38. Rxa7 $15 Ne4 39. Kg2) 38... Ne4 $19 {[%mdl 64] Double Attack} ({But not} 38... Rxc3 $2 39. Ree7 $18) 39. Rxg6 (39. Rg1 $142) 39... Rxc3 40. Rf1 $2 (40. Rb1) 40... Ng3+ {Accuracy: White = 37%, Black = 59%.} 0-1

[Event "11th Capo dOrso ACP Open 2019"]
[Site "Porto Mannu"]
[Date "2019.06.01"]
[Round "7.7"]
[White "Ushenina, Anna"]
[Black "Loew, Gerald"]
[Result "1-0"]
[WhiteElo "2443"]
[BlackElo "2174"]
[Annotator "TA"]
[PlyCount "133"]
[EventDate "2019.06.02"]
[EventType "swiss"]
[EventCountry "ITA"]
[SourceTitle "playchess.com"]
[Source "ChessBase"]
[SourceQuality "1"]

{[%evp 18,133,52,50,37,14,18,-11,-11,-31,0,0,8,0,25,15,0,9,49,-39,0,4,16,12,4,13,62,66,396,387,354,118,184,171,368,56,157,190,218,238,220,156,156,89,112,112,564,566,552,552,560,559,569,537,1096,781,781,774,765,733,818,812,5062,4879,4870,4773,29975,29976,29976,29977,29977,29978,29978,29975,29974,29975,29977,29978,29980,29981,29981,29981,29986,29987,29987,29987,29988,29988,29989,29988,29988,29988,29989,29990,29990,29990,29991,29990,29990,29990,29990,29991,29991,29992,29992,29993,29993,29992,29993,29993,29993,29994,29995,29996,29996,29997,29997,4779]} 1. d4 d6 2. Nf3 f5 3. g3 Nf6 4. Bg2 g6 5. O-O Bg7 6. b3 O-O 7. Bb2 c6 8. Nbd2 a5 9. a3 Qc7 10. c4 Re8 {A81: Dutch Defence: 2 g3} (10... Na6 11. Qc2 Re8 12. e4 fxe4 13. Nxe4 Nxe4 14. Qxe4 Bf5 15. Qe3 Rab8 16. Rac1 Qb6 17. Rfe1 Nc7 18. h3 {½-½ (56) Kantsler,B (2395)-Laznicka,V (2654) Pardubice 2016}) 11. Qc2 e5 12. dxe5 $146 ({Predecessor:} 12. c5 e4 13. cxd6 Qxd6 14. Ne5 Be6 15. Ndc4 Qc7 16. b4 axb4 17. axb4 Na6 18. Ba3 {0-1 (57) Danielian,E (2476)-Cmilyte,V (2524) Beijing 2012}) 12... dxe5 {The position is equal.} 13. e4 Na6 14. c5 Qe7 $1 15. Rac1 Nxe4 (15... fxe4 {seems wilder.} 16. Nxe4 Nxe4 17. Qxe4 Bf5 18. Qc4+ Be6) 16. Nxe4 fxe4 17. Nd2 $36 {[%mdl 2048] White has the initiative.} Bh6 18. Bxe4 (18. Nxe4 $14 Bxc1 19. Rxc1) 18... Bxd2 19. Qxd2 {next Qc2 is good for White.} Nxc5 20. Bc2 Bh3 21. Rfe1 Qf7 {( -> ...Qf3)} 22. Qh6 Be6 $2 {[%mdl 8192]} (22... Bd7 $14) 23. Rxe5 $18 Bd5 {With the idea ...Rxe5.} 24. Rce1 $2 (24. Bxg6 $1 $18 {is the precise move to win.} Qxg6 25. Rg5 $1 {[%mdl 576] Pin}) 24... Ne6 ({Wrong is} 24... Rf8 $2 25. f4 $18) (24... Rxe5 $16 25. Rxe5 Ne6) 25. h4 {Black must now prevent h5.} Rad8 $2 {[#]} (25... Qf8 26. Qe3 Ng7) 26. f4 $2 (26. h5 $1 $18 {[%cal Rh5g6]} Qf8 27. Qe3) 26... Qf8 (26... Qg7 $1 $14 27. Qxg7+ Nxg7) 27. Qxf8+ $16 Kxf8 {[#]} 28. f5 $1 {[%cal Rf5e6]} gxf5 29. Rxf5+ Kg8 30. h5 (30. Bc3 $142) 30... Rd7 31. h6 Rf7 $2 {[%mdl 8192]} (31... Ra8 $16 32. Bc3 Rf8) 32. Rxf7 $18 {[%mdl 64] Discovered Attack, Overworked Piece} Kxf7 33. Bxh7 Ng5 34. Rxe8 {Strongly threatening Rg8.} Kxe8 {[%mdl 4096] Endgame KBB-KBN} 35. Bg6+ Kf8 36. h7 Nxh7 37. Bxh7 Bxb3 38. Kf2 c5 39. Bc3 a4 40. Ke3 b5 41. Kf4 b4 42. axb4 {White mates.} cxb4 43. Bxb4+ Kg7 44. Bd3 Bd1 45. Bc3+ Kf7 46. Bb2 Ke6 47. Bc4+ Kd6 48. Ba3+ Kc6 49. g4 Bxg4 50. Kxg4 Kb6 51. Kf4 Kc6 52. Ke4 Kb6 53. Kd4 Kc6 54. Kc3 Kb6 55. Kb4 Kc6 56. Kxa4 Kb6 57. Bd5 Ka6 58. Bd6 Kb6 59. Kb4 Ka6 60. Bc7 Ka7 61. Kc5 Ka6 62. Bd8 Ka7 63. Kb5 Kb8 64. Kc6 Kc8 65. Bf6 Kb8 66. Kb6 Kc8 67. Be6+ {Accuracy: White = 46%, Black = 20%.} 1-0

[Event "11th Capo dOrso ACP Open 2019"]
[Site "Porto Mannu"]
[Date "2019.06.01"]
[Round "7.8"]
[White "Brunello, Marina"]
[Black "Ventura, Salvatore"]
[Result "1-0"]
[WhiteElo "2396"]
[BlackElo "2110"]
[Annotator "TA"]
[PlyCount "83"]
[EventDate "2019.06.02"]
[EventType "swiss"]
[EventCountry "ITA"]
[SourceTitle "playchess.com"]
[Source "ChessBase"]
[SourceQuality "1"]

{[%evp 15,83,41,22,0,0,0,0,0,0,-32,24,8,11,17,10,0,20,-33,25,25,14,19,26,14,11,0,0,0,42,0,0,8,168,158,195,199,221,213,217,216,205,211,203,204,212,216,537,537,530,477,710,568,559,555,614,608,614,305,491,500,581,574,557,560,543,521,588,586,586,550]} 1. e4 c5 2. Nf3 Nc6 3. d4 cxd4 4. Nxd4 Qb6 5. Nb3 Nf6 6. Nc3 e6 7. Qe2 Bb4 8. Bd2 O-O 9. O-O-O {B33: Sicilian: Pelikan and Sveshnikov Variations} d5 10. e5 (10. exd5 exd5 11. Be3 Qc7 12. Nb5 Qd8 13. f3 a6 14. N5d4 Re8 15. Qf2 Ne5 16. Bd2 Bd6 17. Kb1 a5 18. Bb5 a4 {½-½ (76) Amonatov,F (2620)-Korobov,A (2692) Doha 2016}) 10... Bxc3 11. Bxc3 {The position is equal.} Ne4 12. Be1 Bd7 $146 (12... a5 $15) ({Predecessor:} 12... a5 13. Nd2 Nc5 14. Qe3 Bd7 15. Kb1 Rfc8 16. Nb3 Ne7 {½-½ (59) Adhiban,B (2564)-Vidit,S (2501) Kolkata 2012}) 13. f3 $11 Nc5 14. Nxc5 Qxc5 15. Bf2 Qa5 16. a3 (16. Kb1 $11) 16... Rab8 ({Black should play} 16... Qa4 $15) 17. Qe1 Qa4 18. Bc5 $36 {[%mdl 2048] White is more active.} Rfc8 19. b3 Qf4+ 20. Kb1 Ra8 ({Much weaker is} 20... Qxe5 $6 21. Qxe5 Nxe5 22. Bd6 $16 (22. Bxa7 Ra8 $14)) ({Reject} 20... Nxe5 $6 21. Bd6 $16) 21. Bd6 f6 {[%cal Rc6e5]} 22. Qg3 Qxg3 23. hxg3 {aiming for exf6.} f5 $2 (23... Nxe5 $11 {and Black is okay.} 24. Bxe5 fxe5) 24. g4 $1 $18 fxg4 {[#]} 25. Bd3 $1 {[%cal Rd3h7]} ({Weaker is} 25. fxg4 Be8 $14) 25... h6 26. fxg4 Nd8 {[#]} 27. g5 $1 {[%cal Rg5h6]} Nf7 28. gxh6 Nxh6 29. Rdf1 a6 30. a4 {[%cal Ba3a4,Ba4a5][%mdl 32]} Nf5 $2 (30... Bc6 {is more resistant.} 31. g4 d4) 31. Rh3 b5 32. a5 Ra7 (32... Nh6 $142 33. g4 b4) 33. Bb4 d4 34. g4 Nh6 35. Rf4 Bc6 36. Rxd4 (36. g5 $142) 36... Rf7 $2 (36... Rd7 {was worth a try.}) 37. Rd6 {White is clearly winning.} Rf4 38. Bd2 Rxg4 {intending ...Nf7.} 39. Bxh6 gxh6 40. Rxh6 Be4 41. Bxe4 Rxe4 42. Rhxe6 {Accuracy: White = 69%, Black = 36%.} 1-0

[Event "11th Capo dOrso ACP Open 2019"]
[Site "Porto Mannu"]
[Date "2019.06.01"]
[Round "7.9"]
[White "Yugina, Maria"]
[Black "Gohil, Harry"]
[Result "0-1"]
[WhiteElo "2120"]
[BlackElo "2236"]
[Annotator "ChessBase"]
[PlyCount "70"]
[EventDate "2019.06.02"]
[EventType "swiss"]
[EventCountry "ITA"]
[SourceTitle "playchess.com"]
[Source "ChessBase"]
[SourceQuality "1"]
[TimeControl "40/5400+30:1800+30"]

1. c4 g6 2. Nc3 Bg7 3. g3 d6 4. Bg2 Nc6 5. d3 e5 6. Nf3 f5 7. a3 Nf6 8. e4 O-O 9. Bg5 h6 10. Bxf6 Qxf6 11. Qd2 Qf7 12. h3 g5 13. exf5 Bxf5 14. g4 Be6 15. O-O Qd7 16. Ne4 Rf4 17. b4 Raf8 18. b5 Ne7 19. Qe3 b6 20. Rae1 Ng6 21. Ng3 R4f7 22. Nd2 Nf4 23. Kh2 d5 24. a4 Rd8 25. Rd1 dxc4 26. Nxc4 Qd4 27. Be4 Nd5 28. Bxd5 Qxd5 29. Ne4 Rdf8 30. f3 Qd4 31. Qe2 Ra8 32. Kg2 a6 33. Rh1 axb5 34. axb5 Ra4 35. Rc1 Ra8 0-1

[Event "11th Capo dOrso ACP Open 2019"]
[Site "Porto Mannu"]
[Date "2019.06.01"]
[Round "8.2"]
[White "Schneider, Stefan"]
[Black "Ruiz Castillo, Joshua Daniel"]
[Result "1/2-1/2"]
[WhiteElo "2372"]
[BlackElo "2472"]
[Annotator "TA"]
[PlyCount "43"]
[EventDate "2019.06.02"]
[EventType "swiss"]
[EventCountry "ITA"]
[SourceTitle "playchess.com"]
[Source "ChessBase"]
[SourceQuality "1"]

{[%evp 13,43,9,1,0,0,0,0,0,0,0,4,4,14,14,13,0,38,38,38,38,37,38,38,38,30,43,41,38,57,52,48,28]} 1. d4 Nf6 2. Nf3 e6 3. c4 b6 4. Bf4 Bb7 5. e3 Be7 6. h3 O-O 7. Nc3 d5 8. Be2 {E12: Queen's Indian: Unusual White 4th moves, 4 a3, 4 Nc3 Bb7 5 a3 and 4 Nc3 Bb7} dxc4 (8... c5 9. dxc5 Bxc5 10. O-O Qe7 11. a3 Rd8 12. cxd5 Nxd5 13. Nxd5 Bxd5 14. Qc2 a5 15. Ng5 g6 {½-½ (70) Georgiev,K (2623)-Kravtsiv,M (2672) Riadh 2017}) 9. Bxc4 a6 10. O-O {The position is equal.} b5 11. Bd3 c5 12. dxc5 Bxc5 13. Qe2 $146 ({Predecessor:} 13. Qc2 h6 {½-½ (38) Belliard Alonzo,J (1651)-Arias Diaz,E (1873) Santo Domingo 2016}) 13... Nbd7 14. Rfd1 Be7 15. Ne5 Qb6 16. Bxh7+ Kxh7 17. Rxd7 Nxd7 18. Nxd7 Qc6 {[%csl Gb7][%cal Rc6g2] [#]} 19. Nxf8+ Rxf8 {[%csl Gb7][%cal Rc6g2] White is slightly better.} 20. f3 b4 21. Ne4 f5 22. Ng5+ {Accuracy: White = 96%, Black = 87%.} 1/2-1/2

[Event "11th Capo dOrso ACP Open 2019"]
[Site "Porto Mannu"]
[Date "2019.06.01"]
[Round "8.3"]
[White "Brunello, Sabino"]
[Black "Holm, Kristian Stuvik"]
[Result "1-0"]
[WhiteElo "2556"]
[BlackElo "2474"]
[Annotator "TA"]
[PlyCount "55"]
[EventDate "2019.06.02"]
[EventType "swiss"]
[EventCountry "ITA"]
[SourceTitle "playchess.com"]
[Source "ChessBase"]
[SourceQuality "1"]

{[%evp 9,55,15,17,22,30,19,19,19,17,19,16,18,23,16,16,0,5,4,17,9,15,6,14,14,94,89,86,89,93,89,89,100,95,103,96,39,41,48,629,627,692,659,639,617,682,579,568,549]} 1. e4 e5 2. Nf3 Nc6 3. Bc4 Bc5 4. O-O Nf6 5. d3 O-O 6. a4 {C50: Hungarian Defence and Giuoco Pianissimo} (6. h3 d6 7. c3 a6 8. Bb3 Be6 9. Bc2 d5 10. Ng5 dxe4 11. dxe4 Bc4 12. Re1 Qxd1 13. Rxd1 h6 14. Nf3 Be2 15. Re1 Bxf3 16. gxf3 {½-½ (29) Amin,B (2704)-So,W (2754) Abidjan 2019}) 6... a6 7. c3 d5 8. exd5 {The position is equal.} Nxd5 9. Nbd2 Kh8 10. Ne4 Ba7 11. Re1 f6 12. Nh4 $146 ({Predecessor:} 12. a5 Bg4 13. h3 Bh5 {0-1 (48) Agmanov,Z (2397)-Obolenskikh,D (2539) Pavlodar 2017}) 12... g5 13. Nf3 Bg4 14. h3 $36 {[%mdl 2048] White has good play.} Bh5 15. a5 Nf4 16. Be3 g4 (16... Qd7 $11) 17. hxg4 $16 Bxg4 18. Bxf4 $1 exf4 19. d4 Qd7 20. Qd3 Rae8 21. b4 Ne7 22. Re2 (22. Nh4 $16) 22... Ng6 $1 $14 23. Rae1 {Black must now prevent Nxf6!} Re7 $2 {[%mdl 8192] [#]} (23... Rd8 $14) 24. Nxf6 $1 $18 {[%mdl 512] White is clearly winning.} Rxf6 25. Rxe7 {[%mdl 64] Overworked Piece} Nxe7 26. Ne5 Re6 27. Bxe6 Qxe6 28. Qe4 {[%mdl 64] Double Attack. Accuracy: White = 80%, Black = 43%.} 1-0

[Event "11th Capo dOrso ACP Open 2019"]
[Site "Porto Mannu"]
[Date "2019.06.01"]
[Round "8.4"]
[White "Marin, Mihail"]
[Black "Ushenina, Anna"]
[Result "0-1"]
[WhiteElo "2531"]
[BlackElo "2443"]
[Annotator "RC"]
[PlyCount "52"]
[EventDate "2019.06.02"]
[EventType "swiss"]
[EventCountry "ITA"]
[SourceTitle "playchess.com"]
[Source "ChessBase"]
[SourceQuality "1"]
[TimeControl "40/5400+30:1800+30"]

1. f4 d5 2. Nf3 Bg4 3. Ne5 Bh5 4. c4 dxc4 5. Na3 f6 6. Nexc4 Nc6 7. Qa4 Qd5 8. b4 e5 9. b5 Nd4 10. e3 Ne6 11. b6+ c6 12. Qxa7 Rxa7 13. bxa7 Nc7 14. Rb1 b5 15. fxe5 Bc5 16. d4 Bxa7 17. Nd6+ Kd7 18. Naxb5 cxb5 19. Nxb5 Ne7 20. e6+ Qxe6 21. Nxa7 Qxa2 22. Rb7 Ra8 23. Nb5 Ned5 24. Nxc7 Nxc7 25. Bb5+ Kc8 26. Bc6 Qe2# 0-1